000 00232nam a2200097Ia 4500
008 230915s9999 xx 000 0 und d
050 _aQC32.R33
100 _aJ A RABARI
245 0 _aFOUNDATION PHYSICS BOOK FOR FORM 2
942 _cBK
999 _c189384
_d189384